000 03172nab a2200277 i 4500
003 BR-BrBNA
005 20260202132741.0
008 260202b2025 bl.ar|poo|||| 00| 0 eng |
040 _aBR-BrBNA
_beng
072 _aF70
100 _aFernandes, José Martins
100 _aSoares, Célia Regina Araújo
100 _aKoch, Ana Kelly
100 _aDuarte, Temilze Gomes
100 _aAlmeida, Anderson Alex Sandro Domingos de
245 _aNew records of the mimosoide clade (Caesalpinioideae, Leguminosae) for the state of Mato Grosso, Brazil
500 _aPublicação on-line; Bibliography p. 10-11 (55 ref.); 5 illus.; Summaries (En, Pt)
520 _a Abstract This is a taxonomic study of six species of the mimosoide clade (Caesalpinioideae, Leguminosae) that are new records for the state of Mato Grosso, Brazil. It is based on botanical collections made in the municipalities of Alta Floresta, Apiacás and Novo Mundo, on the southern border of Amazonia, as well as an analysis of specimens deposited in the Amazônia Meridional Herbarium and images of exsiccatae in biodiversity repositories. We recorded the genus Macrosamanea for the first time for the state, which is represented by Macrosamanea pubiramea var. pubiramea. The new records also include Inga bourgonii, I. cinnamomea, I. duckei, I. huberi and Piptadenia pteroclada. All the species occur in the Amazonian domain or in a transition area between Amazonia and the Cerrado, in various vegetation types. Descriptions, illustrations, maps and comments about the geographic distribution of species and their affinities are provided. Key words: • Amazonia • Inga • Macrosamanea • Taxonomy Resumo Este é um estudo taxonômico de seis espécies do clado mimosoide (Caesalpinioideae, Leguminosae) que são novos registros para o estado de Mato Grosso, Brasil. Baseia-se em coletas botânicas realizadas nos municípios de Alta Floresta, Apiacás e Novo Mundo, na borda sul da Amazônia, bem como na análise de espécimes depositados na coleção do Herbário da Amazônia Meridional e imagens de exsicatas em repositórios de biodiversidade. Nós registramos o gênero Macrosamanea pela primeira vez para o estado, representado por Macrosamanea pubiramea var. pubiramea. Os novos registros também incluem Inga bourgonii, I. cinnamomea, I. duckei, I. huberi e Piptadenia pteroclada. Todas as espécies ocorrem no domínio Amazônia ou em área de transição entre Amazônia e Cerrado, em diversos tipos de vegetação. São fornecidas descrições, ilustrações, mapas e comentários sobre a distribuição geográfica das espécies e suas afinidades. Palavras-chave: • Amazônia • Inga • Macrosamanea • Taxonomia
650 _aAMAZÔNIA
650 _aINGÁ
650 _aTAXONOMIA
773 0 _0709
_9360062
_dRio de Janeiro-RJ Jardim Botanico do Rio de Janeiro 1935
_o2026-0452
_tRodriguésia (Brazil)
_x0370-6583; 2175-7860 on-line
_gv. 76 p. 1-11; (2025)
_wBR2025007476
856 _uhttps://www.scielo.br/j/rod/a/QwdsDp44fgQ8gS9pPwdCXFR/?format=pdf&lang=en
942 _cANA
999 _c339986
_d339986